000 00294nam a2200121Ia 4500
008 191201s2013 xx 000 0 und d
100 _aPARMAR,RS
245 0 _aWelding processes Technology
250 _aRep
260 _c2013
_bKhanna Publisher
_aNEW DELHI
300 _a808
942 _2ddc
_cBK
_02
999 _c8140
_d8140